000 00614nam a22001932 4500
001 0000019137
005 20151021151131.0
008 100928s xx 000 0 eng d
040 _aKABU
_cKABU
100 1 _aPrabhupadia, A. C. Bhaktivedanta Swami.
_@0000178791
245 1 0 _aBhagavad-Gita as it is /
_c, A. C. Bhaktivedanta Swami Prabhupadia.
250 _a3nd ed.
260 _aMumbai :
_bBhktivedanta Books,
_c1986.
300 _axx, 924 p.
650 0 _aSamskris
_xHistory.
_@0000178792
852 1 _9p500 KES
908 _a100928
950 _@1
999 _c1019
_d1019